| 000 | 00661nam a2200205Ia 4500 | ||
|---|---|---|---|
| 008 | 131103s9999 xx 000 0 und d | ||
| 020 | _cRs.145.00 | ||
| 040 | _aLoreto College | ||
| 041 | _aEnglish | ||
| 082 |
_a954/BAS _bLCBED/11459 |
||
| 100 | _aBasham,A.L. | ||
| 245 | 4 |
_aThe wonder that was India _b A survey of the history and culture of the Indian sub-continent before the coming of the Muslims _cA.L.Basham |
|
| 260 |
_aCalcutta _bRupa _c1993 |
||
| 300 |
_axix,572p _c 18cm |
||
| 504 | _aIncludes bibliographical references and index | ||
| 650 | _aHistory - Ancient India | ||
| 651 | _aIndia - History | ||
| 850 | _aLCBED/954/BAS | ||
| 942 | _cBK | ||
| 999 |
_c28670 _d79149 |
||